[Event "ICS rated blitz match"]
[Site "204.178.125.65"]
[Date "1999.10.25"]
[Round "?"]
[White "Hossa"]
[Black "Florina"]
[Result "1-0"]
[WhiteElo "2345"]
[BlackElo "2048"]
[PlyCount "97"]
[EventDate "1999.??.??"]

1. e4 d5 2. e5 c5 3. c3 Nc6 4. d4 cxd4 5. cxd4 Qb6 6. Ne2 Bg4 7. f3 Bf5 8. a3
e6 9. Nbc3 Nge7 10. g4 Bg6 11. Bg2 h5 12. g5 Nf5 13. Na4 Qc7 14. Bh3 Nfe7 15.
Bf4 Bf5 16. Bf1 b6 17. Nac3 h4 18. Nb5 Qd7 19. Nd6+ Kd8 20. Nxf7+ Ke8 21. Nxh8
g6 22. Bg2 Bg7 23. Nxg6 Nxg6 24. O-O h3 25. Bh1 Rc8 26. Be3 Na5 27. Rc1 Nc4 28.
Qb3 Bf8 29. Ng3 Ne7 30. Ne4 Bg7 31. Nf6+ Bxf6 32. exf6 Ng6 33. Qc3 b5 34. b3
Nb6 35. Qd2 a6 36. Rxc8+ Nxc8 37. Qa5 Qb7 38. f4 Nd6 39. Qb4 Ne4 40. Bf3 Nh4
41. Be2 Bg6 42. Bc1 Bf5 43. a4 Qc7 44. axb5 axb5 45. Qxb5+ Kf8 46. Ba3+ Kg8 47.
Qe8+ Kh7 48. f7 Ng6 49. Qg8# {Florina checkmated} 1-0

[Event "ICS rated blitz match"]
[Site "204.178.125.65"]
[Date "1999.10.25"]
[Round "?"]
[White "Hossa"]
[Black "lakerda"]
[Result "1-0"]
[WhiteElo "2355"]
[BlackElo "2252"]
[PlyCount "22"]
[EventDate "1999.??.??"]

1. d4 g6 2. e4 Bg7 3. Nc3 c6 4. Nf3 d6 5. Be2 Nd7 6. O-O e6 7. Be3 Ne7 8. Qd2
Qc7 9. Bh6 O-O 10. Bxg7 Kxg7 11. Qg5 11... h6 {lakerda resigns} 1-0

[Event "ICS rated blitz match"]
[Site "204.178.125.65"]
[Date "1999.10.25"]
[Round "?"]
[White "Rabbit-Basher"]
[Black "Hossa"]
[Result "1/2-1/2"]
[WhiteElo "2143"]
[BlackElo "2366"]
[PlyCount "66"]
[EventDate "1999.??.??"]

1. e4 e5 2. f4 d5 3. exd5 e4 4. d3 Nf6 5. dxe4 Nxe4 6. Nf3 c6 7. Bd3 Nf6 8.
dxc6 Nxc6 9. Nc3 Bc5 10. Qe2+ Ne7 11. Be3 Bxe3 12. Qxe3 O-O 13. O-O-O Bd7 14.
Rhe1 Re8 15. Ne5 Nc6 16. Bf5 Nxe5 17. fxe5 Qc8 18. Bxd7 Nxd7 19. Qg3 Re6 20.
Nd5 Qb8 21. Nf4 Rxe5 22. Rxe5 Nxe5 23. Nh5 Ng6 24. Qxb8+ Rxb8 25. Rd7 Ne5 26.
Rc7 Ng4 27. h3 Ne3 28. g4 Nd5 29. Rd7 Nb6 30. Rc7 Nd5 31. Rd7 Nb6 32. Rc7 Nd5
33. Rd7 33... Nb6 {Game drawn by repetition} 1/2-1/2

[Event "ICS rated blitz match"]
[Site "204.178.125.65"]
[Date "1999.10.25"]
[Round "?"]
[White "Hossa"]
[Black "Rabbit-Basher"]
[Result "1-0"]
[WhiteElo "2357"]
[BlackElo "2152"]
[PlyCount "31"]
[EventDate "1999.??.??"]

1. e4 c5 2. Nf3 Nc6 3. d4 cxd4 4. Nxd4 Nf6 5. Nc3 d6 6. Bc4 e6 7. Be3 a6 8. Bb3
Qc7 9. O-O Na5 10. Ba4+ Bd7 11. Bxd7+ Nxd7 12. Qh5 Nf6 13. Nxe6 Qc8 14. Nxg7+
Bxg7 15. Qxa5 Ng4 16. Nd5 {Rabbit-Basher resigns} 1-0

[Event "ICS rated blitz match"]
[Site "204.178.125.65"]
[Date "1999.10.25"]
[Round "?"]
[White "Rabbit-Basher"]
[Black "Hossa"]
[Result "0-1"]
[WhiteElo "2144"]
[BlackElo "2365"]
[PlyCount "46"]
[EventDate "1999.??.??"]

1. e4 e5 2. f4 d5 3. exd5 e4 4. d3 Nf6 5. dxe4 Nxe4 6. Nf3 c6 7. Bd3 Nf6 8.
dxc6 Nxc6 9. Nc3 Bc5 10. Qe2+ Ne7 11. Be3 Bxe3 12. Qxe3 O-O 13. O-O-O Bd7 14.
Ne5 Bf5 15. Bxf5 Nxf5 16. Qf2 Qc7 17. g4 Nd6 18. g5 Nfe4 19. Nxe4 Nxe4 20. Qe3
Nd6 21. Rd2 f6 22. Qb3+ Kh8 23. Nf3 23... Ne4 {Rabbit-Basher resigns} 0-1

[Event "ICS rated blitz match"]
[Site "204.178.125.65"]
[Date "1999.10.25"]
[Round "?"]
[White "Rabbit-Basher"]
[Black "Hossa"]
[Result "1-0"]
[WhiteElo "2130"]
[BlackElo "2379"]
[PlyCount "149"]
[EventDate "1999.??.??"]

1. e4 e5 2. f4 d5 3. exd5 e4 4. d3 Nf6 5. dxe4 Nxe4 6. Nf3 c6 7. Bd3 Nf6 8.
dxc6 Nxc6 9. Nc3 Bc5 10. Qe2+ Ne7 11. Be3 Bxe3 12. Qxe3 O-O 13. O-O-O Bd7 14.
Rhe1 Re8 15. Ne5 Nc6 16. Bf5 Nxe5 17. fxe5 Qe7 18. exf6 Qxe3+ 19. Rxe3 Bxf5 20.
Rxe8+ Rxe8 21. Nd5 Bg4 22. Rf1 Re5 23. Ne7+ Kf8 24. c4 Re4 25. b3 Re2 26. h3
Be6 27. fxg7+ Kxg7 28. g4 Bxg4 29. hxg4 Rxe7 30. Kd2 Re4 31. Rg1 Kg6 32. Kd3
Re7 33. Kd4 f5 34. gxf5+ Kxf5 35. Rf1+ Kg5 36. Kd5 h5 37. c5 h4 38. Rf8 h3 39.
Rh8 Kg4 40. b4 Kg3 41. b5 Rg7 42. c6 Kg2 43. Kd6 bxc6 44. bxc6 Rg6+ 45. Kd7 h2
46. c7 Rg7+ 47. Kd6 Rg6+ 48. Kd5 Rg5+ 49. Kd4 Rg4+ 50. Kd3 Rg3+ 51. Kd2 h1=Q
52. Rxh1 Rg8 53. Rc1 Rc8 54. Ke3 a5 55. Ke4 Kf2 56. a4 Ke2 57. Kd5 Kd2 58. Rc5
Kd3 59. Kd6 Kd4 60. Rxa5 Rh8 61. Kd7 Rh7+ 62. Kc8 Rh3 63. Kb8 Rb3+ 64. Ka8 Rc3
65. Ra7 Rc4 66. Kb8 Rb4+ 67. Rb7 Rc4 68. c8=Q Rc1 69. Rd7+ Ke4 70. Qxc1 Kf3 71.
Rd4 Ke2 72. Qc2+ Kf3 73. Qc3+ Ke2 74. Rd2+ Ke1 75. Qc1# {Hossa checkmated} 1-0

[Event "ICS rated blitz match"]
[Site "204.178.125.65"]
[Date "1999.10.25"]
[Round "?"]
[White "motorhome"]
[Black "Hossa"]
[Result "0-1"]
[WhiteElo "2187"]
[BlackElo "2353"]
[Annotator "Steffen A. Jakob"]
[PlyCount "20"]
[EventDate "1999.??.??"]

1. e4 e5 2. Nf3 Nf6 3. Nc3 Nc6 4. d4 (4. Nxe5 Nxe5 5. d4 Ng6 (5... Nc6 6. d5
Ne5 (6... Nb8 7. e5 Ng8 8. d6 $18) 7. f4 Ng6 8. e5 Ng8 9. d6 $18) 6. e5 Ng8 7.
Bc4 Bb4 8. Qf3 $18) 4... exd4 5. Nxd4 Bb4 6. Nxc6 Bxc3+ 7. bxc3 bxc6 8. e5 Qe7
9. Qe2 Nd5 10. Bb2 10... Rb8 {motorhome resigns} 0-1

[Event "ICS rated blitz match"]
[Site "204.178.125.65"]
[Date "1999.10.25"]
[Round "?"]
[White "Hossa"]
[Black "motorhome"]
[Result "1-0"]
[WhiteElo "2362"]
[BlackElo "2175"]
[PlyCount "71"]
[EventDate "1999.??.??"]

1. e4 e6 2. d3 c5 3. Nf3 Nc6 4. c4 Nf6 5. Bg5 h6 6. Bh4 g5 7. Bg3 Bg7 8. Bd6
Qa5+ 9. Nc3 g4 10. Nd2 b6 11. Nb3 Qa6 12. Nb5 Kd8 13. Nc7 Qb7 14. Nxa8 Qxa8 15.
Rb1 a5 16. Be2 a4 17. Nd2 h5 18. O-O Nd4 19. b4 Ne8 20. bxc5 Nxd6 21. cxd6 f5
22. exf5 exf5 23. Rxb6 Rg8 24. Rb4 Bb7 25. g3 h4 26. gxh4 Nf3+ 27. Bxf3 gxf3
28. Rxa4 Be5+ 29. Kh1 Rg2 30. Rxa8+ Bxa8 31. Nxf3 Rxh2+ 32. Kg1 Rh3 33. Qe1
Bxf3 34. Qa5+ Ke8 35. Qxe5+ Kf7 36. Qxf5+ {motorhome resigns} 1-0

[Event "ICS rated blitz match"]
[Site "204.178.125.65"]
[Date "1999.10.25"]
[Round "?"]
[White "toothfairy"]
[Black "Hossa"]
[Result "0-1"]
[WhiteElo "2170"]
[BlackElo "2370"]
[PlyCount "98"]
[EventDate "1999.??.??"]

1. e4 e5 2. Nf3 Nf6 3. Nc3 Nc6 4. Bc4 Bc5 5. d3 d6 6. Bg5 Na5 7. Nd5 c6 8.
Nxf6+ gxf6 9. Bh4 Nxc4 10. dxc4 O-O 11. Qd2 Re8 12. O-O-O a5 13. Qh6 Re6 14.
Rd3 Qf8 15. Qh5 Rb8 16. Nd2 Bb4 17. c3 Bc5 18. Rf3 f5 19. exf5 Rh6 20. Qg5+ Kh8
21. Ne4 f6 22. Nxf6 b5 23. cxb5 cxb5 24. Ng4 Rxh4 25. Qxh4 Rb7 26. Qf6+ Qxf6
27. Nxf6 Rg7 28. Ne4 Bb7 29. f6 Rg8 30. f7 Rf8 31. Re1 Bd5 32. b3 Ba3+ 33. Kc2
Bxf7 34. Kd2 h6 35. Ree3 Kg7 36. Rg3+ Kh8 37. Ref3 d5 38. Nf6 e4 39. Rf5 Be6
40. Rxd5 Rxf6 41. Rxb5 Bd6 42. Re3 Rxf2+ 43. Re2 Bf4+ 44. Ke1 Rxe2+ 45. Kxe2 a4
46. bxa4 Bc4+ 47. Kf2 e3+ 48. Kf3 e2 49. Rb8+ 49... Bxb8 {toothfairy resigns}
0-1

[Event "ICS rated blitz match"]
[Site "204.178.125.65"]
[Date "1999.10.25"]
[Round "?"]
[White "Hossa"]
[Black "toothfairy"]
[Result "1/2-1/2"]
[WhiteElo "2378"]
[BlackElo "2162"]
[PlyCount "113"]
[EventDate "1999.??.??"]

1. e4 e5 2. Bc4 Bc5 3. Nf3 d6 4. c3 Bb6 5. d4 Nd7 6. a4 a6 7. Be3 h6 8. a5 Ba7
9. O-O Ngf6 10. Nbd2 O-O 11. Qc2 c6 12. Bd3 Qc7 13. Rfe1 Re8 14. Nc4 Nf8 15.
Nb6 Bxb6 16. axb6 Qe7 17. dxe5 dxe5 18. Ra5 Ng6 19. Rd1 Bg4 20. Be2 Bxf3 21.
Bxf3 Rad8 22. Raa1 Rxd1+ 23. Rxd1 Rd8 24. Rd3 Rxd3 25. Qxd3 Nf8 26. b3 Qd7 27.
Qxd7 N8xd7 28. b4 Kf8 29. c4 Ke7 30. g4 g5 31. Kf1 Kd8 32. Kg2 Ne8 33. Be2 Ng7
34. c5 Ne6 35. Bc4 Ke7 36. Bxe6 Kxe6 37. Kg3 f6 38. h4 Nf8 39. h5 Kd7 40. Kf3
Ne6 41. Ke2 Kc8 42. Kd2 Kd7 43. Kd3 Kc8 44. f3 Kd7 45. Kc4 Kc8 46. Bf2 Nf4 47.
Kc3 Ne6 48. Kd2 Kd7 49. Kd3 Kc8 50. Ke2 Kd7 51. Be3 Kc8 52. Kd2 Kd7 53. Kc3 Kc8
54. Bg1 Kd7 55. Kd3 Kc8 56. Be3 Kd7 57. Kc4 {Game drawn by mutual agreement}
1/2-1/2

[Event "ICS rated blitz match"]
[Site "204.178.125.65"]
[Date "1999.10.25"]
[Round "?"]
[White "toothfairy"]
[Black "Hossa"]
[Result "0-1"]
[WhiteElo "2171"]
[BlackElo "2369"]
[PlyCount "124"]
[EventDate "1999.??.??"]

1. e4 e5 2. Nf3 Nf6 3. Nc3 Nc6 4. Bc4 Bc5 5. d3 d6 6. Bg5 Na5 7. Nd5 c6 8.
Nxf6+ gxf6 9. Bh4 Nxc4 10. dxc4 O-O 11. Qd2 Re8 12. O-O-O a5 13. Qh6 Re6 14.
Rd3 Qf8 15. Qh5 Rb8 16. Nd2 Bb4 17. c3 Bc5 18. Rf3 f5 19. exf5 Rh6 20. Qg5+ Kh8
21. Ne4 f6 22. Nxf6 b5 23. Ng4 Rxh4 24. Qxh4 bxc4 25. Qf6+ Qxf6 26. Nxf6 d5 27.
g4 Be7 28. Nh5 c5 29. Re3 e4 30. Kc2 Bd7 31. f6 Bxg4 32. fxe7 Bxh5 33. f4 Rb7
34. Rg1 Rxe7 35. Rg5 Bf7 36. Reg3 e3 37. Re5 Rxe5 38. fxe5 d4 39. Kd1 h5 40.
Ke1 Kh7 41. h4 Be6 42. b3 cxb3 43. axb3 Bxb3 44. cxd4 cxd4 45. Ke2 Bc4+ 46. Kf3
e2 47. Kf2 d3 48. Ke1 a4 49. Rg5 Kh6 50. Kd2 a3 51. Rg1 a2 52. Kc3 Bb3 53. e6
Bd1 54. Kb2 a1=B+ 55. Kxa1 d2 56. e7 e1=Q 57. Rxe1 dxe1=Q 58. Kb2 Qxe7 59. Kc3
Qxh4 60. Kd2 Qd4+ 61. Ke1 Bf3 62. Kf1 62... Qd2 {toothfairy resigns} 0-1

[Event "ICS rated blitz match"]
[Site "204.178.125.65"]
[Date "1999.10.25"]
[Round "?"]
[White "Hossa"]
[Black "toothfairy"]
[Result "1-0"]
[WhiteElo "2377"]
[BlackElo "2163"]
[PlyCount "33"]
[EventDate "1999.??.??"]

1. e4 e5 2. Bc4 Bc5 3. Nf3 d6 4. c3 Bb6 5. d4 Nd7 6. a4 a6 7. Be3 Qe7 8. Ng5
Nh6 9. O-O O-O 10. f4 exd4 11. cxd4 Kh8 12. a5 Ba7 13. Nc3 Ng8 14. Nd5 Qd8 15.
Qh5 Ngf6 16. Nxf7+ Kg8 17. Nxf6+ {toothfairy resigns} 1-0

[Event "ICS rated blitz match"]
[Site "204.178.125.65"]
[Date "1999.10.25"]
[Round "?"]
[White "toothfairy"]
[Black "Hossa"]
[Result "1-0"]
[WhiteElo "2143"]
[BlackElo "2397"]
[PlyCount "117"]
[EventDate "1999.??.??"]

1. e4 e5 2. Nf3 Nf6 3. Nc3 Nc6 4. Bc4 Bc5 5. d3 d6 6. Bg5 Na5 7. Nd5 c6 8.
Nxf6+ gxf6 9. Bh4 Nxc4 10. dxc4 O-O 11. Qd2 Re8 12. O-O-O a5 13. Qh6 Re6 14.
Rd3 Qf8 15. Qh5 Rb8 16. Nd2 Bb4 17. c3 Bc5 18. Rf3 f5 19. exf5 Rh6 20. Qg5+ Kh8
21. Ne4 f6 22. Nxf6 Qg7 23. Ne4 Bb6 24. g4 d5 25. Ng3 Qxg5+ 26. Bxg5 e4 27.
Bxh6 exf3 28. Be3 Bxe3+ 29. fxe3 dxc4 30. Rf1 b5 31. Rxf3 Bb7 32. e4 Re8 33.
Re3 Re5 34. g5 b4 35. h4 c5 36. a3 Bd5 37. Kd2 Bf7 38. h5 Kg8 39. g6 Be8 40.
Re1 Re7 41. Ke3 Rd7 42. Kf4 Rd2 43. Re2 bxc3 44. bxc3 Rd3 45. Re3 a4 46. e5 Rd1
47. Ne4 Bc6 48. Nf6+ Kh8 49. e6 hxg6 50. hxg6 Kg7 51. Ng4 Be8 52. Kg5 Kh8 53.
f6 Rd3 54. Re5 Rxc3 55. Rxc5 Rd3 56. Rc8 Rd5+ 57. Kh6 Rd8 58. Rxd8 c3 59. Rxe8#
{Hossa checkmated} 1-0

[Event "ICS rated blitz match"]
[Site "204.178.125.65"]
[Date "1999.10.25"]
[Round "?"]
[White "Hossa"]
[Black "ljb"]
[Result "1-0"]
[WhiteElo "2371"]
[BlackElo "2191"]
[PlyCount "97"]
[EventDate "1999.??.??"]

1. e4 c5 2. Nf3 d6 3. d4 cxd4 4. Nxd4 Nf6 5. Nc3 a6 6. Bg5 e6 7. f4 Be7 8. Qf3
h6 9. Bh4 O-O 10. Bd3 Nbd7 11. Nb3 Qc7 12. O-O b5 13. a3 Bb7 14. a4 b4 15. Ne2
a5 16. Rfd1 Rfc8 17. Ned4 Nc5 18. Nxc5 dxc5 19. Nb5 Qb6 20. Bf2 Qc6 21. Re1 c4
22. Bf1 Qa6 23. b3 cxb3 24. Na7 Qd6 25. Nxc8 Rxc8 26. cxb3 Rc3 27. e5 Qc7 28.
Qd1 Nd5 29. Re4 Bc5 30. Bxc5 Qxc5+ 31. Kh1 Ne3 32. Qd8+ Kh7 33. Rc4 Nxc4 34.
bxc4 b3 35. Bd3+ Rxd3 36. Qxd3+ g6 37. Qd7 Qc6 38. Qxf7+ Kh8 39. Qxg6 b2 40.
Rd1 Qc7 41. Qe8+ Kg7 42. Rd7+ Qxd7 43. Qxd7+ Kh8 44. Qxb7 Kg8 45. Qxb2 Kf8 46.
Qb7 Kg8 47. Qe7 Kh8 48. c5 Kg8 49. c6 {ljb resigns} 1-0

[Event "ICS rated blitz match"]
[Site "204.178.125.65"]
[Date "1999.10.25"]
[Round "?"]
[White "ljb"]
[Black "Hossa"]
[Result "1/2-1/2"]
[WhiteElo "2183"]
[BlackElo "2379"]
[PlyCount "90"]
[EventDate "1999.??.??"]

1. e4 e5 2. Nf3 Nf6 3. d3 Nc6 4. Nc3 Bb4 5. Bg5 d6 6. Be2 Nd4 7. O-O Nxe2+ 8.
Nxe2 O-O 9. c3 Ba5 10. d4 Bg4 11. Ng3 h6 12. Be3 d5 13. dxe5 Nxe4 14. h3 Bc8
15. Nxe4 dxe4 16. Qxd8 Rxd8 17. Nd2 Rd5 18. Nc4 Bb6 19. Rad1 Be6 20. Nxb6 axb6
21. Rxd5 Bxd5 22. a3 Bb3 23. Re1 c5 24. Bf4 Bc2 25. f3 g5 26. Bc1 Re8 27. f4
gxf4 28. Bxf4 Re6 29. Kf2 Kh7 30. Ke3 Bd3 31. g4 b5 32. h4 b6 33. g5 hxg5 34.
hxg5 Rg6 35. Rh1+ Kg7 36. Rh2 b4 37. axb4 cxb4 38. cxb4 b5 39. Rh6 Bc2 40. Kd4
Bb1 41. Be3 Bc2 42. Kc5 Bd3 43. Kd4 Bc2 44. Kd5 Bd3 45. Kd4 45... Bc2 {
Game drawn by repetition} 1/2-1/2

[Event "ICS rated blitz match"]
[Site "204.178.125.65"]
[Date "1999.10.25"]
[Round "?"]
[White "Hossa"]
[Black "ljb"]
[Result "1-0"]
[WhiteElo "2404"]
[BlackElo "2210"]
[PlyCount "36"]
[EventDate "1999.??.??"]

1. e4 c5 2. Nf3 d6 3. d4 cxd4 4. Nxd4 Nf6 5. Nc3 a6 6. Bg5 Nbd7 7. Bc4 e6 8.
O-O Be7 9. Bxe6 fxe6 10. Nxe6 Qa5 11. Nxg7+ Kf7 12. Nf5 Rg8 13. Nh6+ Kf8 14.
Nxg8 Kxg8 15. Bxf6 Nxf6 16. Qd4 Qe5 17. Qc4+ Be6 18. Qc7 18... Bc4 {ljb resigns
} 1-0

[Event "ICS rated blitz match"]
[Site "204.178.125.65"]
[Date "1999.10.25"]
[Round "?"]
[White "ljb"]
[Black "Hossa"]
[Result "0-1"]
[WhiteElo "2202"]
[BlackElo "2412"]
[PlyCount "56"]
[EventDate "1999.??.??"]

1. e4 e5 2. Nf3 Nf6 3. d3 Nc6 4. Nc3 Bb4 5. Bg5 O-O 6. Be2 d6 7. O-O h6 8. Bxf6
gxf6 9. Nd5 Ba5 10. Nh4 Nd4 11. c3 f5 12. cxd4 Qxh4 13. dxe5 dxe5 14. Bf3 c6
15. Ne3 fxe4 16. dxe4 Rd8 17. Qc2 Bb6 18. Nf5 Bxf5 19. exf5 Qf4 20. Rad1 Rxd1
21. Rxd1 Rd8 22. Rxd8+ Bxd8 23. Be4 Bb6 24. g3 Bxf2+ 25. Qxf2 Qxe4 26. a3 Qd4
27. f6 Kh7 28. Kg2 28... Qxf2+ {ljb resigns} 0-1

[Event "ICS rated blitz match"]
[Site "204.178.125.65"]
[Date "1999.10.25"]
[Round "?"]
[White "Hossa"]
[Black "ljb"]
[Result "1-0"]
[WhiteElo "2419"]
[BlackElo "2195"]
[PlyCount "85"]
[EventDate "1999.??.??"]

1. e4 e6 2. d3 d5 3. Nd2 c5 4. Ngf3 d4 5. c3 Nc6 6. cxd4 cxd4 7. Be2 g6 8. Nc4
Bg7 9. Bf4 e5 10. Bg3 Be6 11. b3 Bxc4 12. bxc4 Qa5+ 13. Nd2 Nge7 14. O-O O-O
15. Rb1 Qc7 16. c5 a6 17. f4 f6 18. Nc4 Na7 19. Qb3 Kh8 20. Qxb7 Qxc5 21. fxe5
fxe5 22. Nxe5 Bxe5 23. Bxe5+ Qxe5 24. Rxf8+ Rxf8 25. Qxa7 Qf6 26. Rf1 Qg7 27.
Rxf8+ Qxf8 28. Qxd4+ Kg8 29. Qc4+ Kh8 30. Qxa6 h6 31. d4 Qf4 32. Qe6 Qe3+ 33.
Kf1 Qc1+ 34. Kf2 Qf4+ 35. Ke1 Qc1+ 36. Bd1 Qe3+ 37. Kf1 Qf4+ 38. Ke2 Qxh2 39.
Qf6+ Kg8 40. Bb3+ Kh7 41. Qxe7+ Kh8 42. Qf8+ Kh7 43. Qg8# {ljb checkmated} 1-0

[Event "ICS rated blitz match"]
[Site "204.178.125.65"]
[Date "1999.10.25"]
[Round "?"]
[White "ljb"]
[Black "Hossa"]
[Result "0-1"]
[WhiteElo "2188"]
[BlackElo "2426"]
[PlyCount "106"]
[EventDate "1999.??.??"]

1. e4 e5 2. Nf3 Nf6 3. d3 Nc6 4. Nc3 Bb4 5. Bg5 d6 6. Be2 Nd4 7. O-O Ne6 8.
Bxf6 gxf6 9. Nd5 Bc5 10. Nh4 c6 11. Ne3 O-O 12. Nef5 Nf4 13. g3 Nxe2+ 14. Qxe2
Kh8 15. Qh5 d5 16. Rad1 b6 17. Kh1 Ba6 18. f3 Rc8 19. Nh6 Qe8 20. N4f5 Qe6 21.
Qg4 Rg8 22. Nxg8 Rxg8 23. Qh4 Bb5 24. g4 a6 25. b3 a5 26. c4 dxc4 27. dxc4 Ba6
28. Rd3 b5 29. Rfd1 Bd4 30. Nxd4 exd4 31. Rxd4 bxc4 32. Rd6 Qe5 33. Qxf6+ Qxf6
34. Rxf6 cxb3 35. axb3 Kg7 36. Rxc6 Be2 37. Rd5 Bxf3+ 38. Kg1 Kh8 39. Re5 Rxg4+
40. Kf2 Bxe4 41. Rc4 f5 42. Rc7 h5 43. Re8+ Rg8 44. Rxg8+ Kxg8 45. Kg3 Bd5 46.
Rc8+ Kg7 47. Rb8 Kf6 48. Kh4 f4 49. Kxh5 f3 50. Kh4 f2 51. Rb6+ Be6 52. Rb5
f1=Q 53. Rxa5 53... Qh3# {ljb checkmated} 0-1

[Event "ICS rated blitz match"]
[Site "204.178.125.65"]
[Date "1999.10.25"]
[Round "?"]
[White "Hossa"]
[Black "ljb"]
[Result "1-0"]
[WhiteElo "2432"]
[BlackElo "2182"]
[PlyCount "30"]
[EventDate "1999.??.??"]

1. e4 c5 2. Nf3 d6 3. d4 cxd4 4. Nxd4 Nf6 5. Nc3 a6 6. Bg5 Nbd7 7. Bc4 e6 8.
O-O Qa5 9. Qd2 Be7 10. Rad1 Qc7 11. Bxe6 fxe6 12. Nxe6 Qa5 13. Nxg7+ Kf7 14.
Nf5 h5 15. Nxe7 15... Kxe7 {ljb resigns} 1-0

[Event "ICS rated blitz match"]
[Site "204.178.125.65"]
[Date "1999.10.25"]
[Round "?"]
[White "ljb"]
[Black "Hossa"]
[Result "0-1"]
[WhiteElo "2176"]
[BlackElo "2438"]
[PlyCount "112"]
[EventDate "1999.??.??"]

1. e4 e5 2. Nf3 Nf6 3. d3 Nc6 4. Nc3 Bb4 5. Bg5 O-O 6. Be2 d6 7. O-O h6 8. Bxf6
gxf6 9. Nd5 Ba5 10. Nh4 Nd4 11. Ne3 c6 12. c3 Nxe2+ 13. Qxe2 Kh7 14. Nef5 Rg8
15. Qh5 Qf8 16. Kh1 Rg5 17. Qe2 Rg8 18. f4 Be6 19. Rf3 Bb6 20. Raf1 Kh8 21.
fxe5 fxe5 22. Rh3 Kh7 23. Rff3 Rg5 24. Rfg3 Bd8 25. Rxg5 Bxg5 26. Nf3 Bxf5 27.
Nxg5+ Kg7 28. Qh5 Bxh3 29. Nxh3 Qc8 30. Nf2 Qe6 31. g4 Qxa2 32. g5 Qa1+ 33. Kg2
Rh8 34. Qg4 Qc1 35. gxh6+ Kxh6 36. Qh4+ Kg7 37. Qg4+ Kf6 38. h4 Qxb2 39. Qg5+
Ke6 40. Qf5+ Ke7 41. Qg5+ Ke8 42. Qf5 Rxh4 43. Qc8+ Ke7 44. Qc7+ Kf6 45. Qd8+
Kg6 46. Qxh4 Qxc3 47. Qg4+ Kf6 48. Qf5+ Ke7 49. Ng4 Qxd3 50. Qf6+ Ke8 51. Qf5
Qd2+ 52. Kh3 Qc3+ 53. Kh4 Qe1+ 54. Kg5 Qd2+ 55. Kf6 Qf4 56. Nh6 56... Qxh6+ {
ljb resigns} 0-1

[Event "ICS rated blitz match"]
[Site "204.178.125.65"]
[Date "1999.10.25"]
[Round "?"]
[White "MissSilicon"]
[Black "Hossa"]
[Result "1-0"]
[WhiteElo "2651"]
[BlackElo "2444"]
[PlyCount "146"]
[EventDate "1999.??.??"]

1. e4 e5 2. Bc4 Nf6 3. d3 c6 4. Qe2 Be7 5. Nf3 O-O 6. Bb3 d6 7. O-O Na6 8. Be3
Bg4 9. Nbd2 Re8 10. h3 Bh5 11. Rfe1 Nc7 12. Nf1 Ne6 13. Ng3 Bxf3 14. Qxf3 d5
15. Nf5 Bb4 16. c3 Bc5 17. Bc1 dxe4 18. dxe4 Kh8 19. Be3 Bxe3 20. Qxe3 Qc7 21.
Rad1 Nf4 22. Rd2 Rf8 23. Red1 Ng6 24. Nd6 Nf4 25. Qc5 Qe7 26. Kh1 Kg8 27. Qe3
N6d5 28. Nf5 Qf6 29. Qf3 Nb6 30. Rd6 Ne6 31. Qg4 Rae8 32. Kg1 Kh8 33. Qg3 Nc8
34. R6d2 Nc5 35. Bc2 a5 36. Qe3 b6 37. b4 axb4 38. cxb4 Na6 39. Qc3 Nb8 40. a4
Qg5 41. Bb3 Qf6 42. Bc4 Qg5 43. f3 Qg6 44. Kf2 Qf6 45. Qe3 h6 46. Nd6 Nxd6 47.
Rxd6 Qh4+ 48. Kg1 f5 49. Bd3 Qe7 50. Bc2 c5 51. exf5 cxb4 52. Qxb6 Rf6 53. Rxf6
gxf6 54. Rd6 Nd7 55. Qxb4 Qf8 56. Qd2 Nc5 57. Qd5 Rc8 58. f4 exf4 59. Qd4 Kg7
60. Qxf4 Re8 61. Qd4 Re5 62. Rd8 Qf7 63. Rc8 Nd7 64. Bb3 Re1+ 65. Kh2 Qxb3 66.
Qg4+ Kf7 67. Qg8+ Ke7 68. Qxb3 Re5 69. Qa3+ Kf7 70. Qd6 h5 71. Qxd7+ Re7 72.
Qd5+ Re6 73. Qxe6+ 73... Kg7 {Hossa resigns} 1-0

[Event "ICS rated bullet match"]
[Site "204.178.125.65"]
[Date "1999.10.25"]
[Round "?"]
[White "Graci"]
[Black "Hossa"]
[Result "1-0"]
[WhiteElo "2014"]
[BlackElo "2394"]
[PlyCount "37"]
[EventDate "1999.??.??"]

1. d3 d5 2. Bd2 Nc6 3. g3 e5 4. h4 Nf6 5. Na3 Bg4 6. Bh3 Bxh3 7. Nxh3 Bxa3 8.
bxa3 h6 9. e3 O-O 10. Rb1 Rb8 11. Kf1 a5 12. Kg1 Qd6 13. Kf1 Qxa3 14. Ng5 hxg5
15. hxg5 Ne8 16. Qh5 f5 17. g6 Qxd3+ 18. cxd3 Nd6 19. Qh8# {Hossa checkmated}
1-0

[Event "ICS rated standard match"]
[Site "204.178.125.65"]
[Date "1999.10.25"]
[Round "?"]
[White "PostModernist"]
[Black "Hossa"]
[Result "1-0"]
[WhiteElo "2480"]
[BlackElo "2040"]
[PlyCount "106"]
[EventDate "1999.??.??"]

1. e4 e5 2. Nf3 Nf6 3. d3 Nc6 4. Be2 d5 5. Nbd2 g6 6. c3 Bg7 7. O-O O-O 8. b4
a6 9. a4 Re8 10. Ba3 Bg4 11. b5 Nb8 12. c4 dxe4 13. Nxe4 axb5 14. axb5 Nbd7 15.
Nfd2 Bxe2 16. Qxe2 Nh5 17. Bb4 Rxa1 18. Rxa1 f5 19. Nc3 Nf4 20. Qf3 Nb6 21. Ba5
Qxd3 22. Qxd3 Nxd3 23. Bxb6 e4 24. Ba5 Ra8 25. Nb3 b6 26. Rd1 bxa5 27. Na4 Bh6
28. Nd4 Bg5 29. Ne6 Bh4 30. g3 Bd8 31. Nec5 Nxc5 32. Nxc5 a4 33. Nxa4 Be7 34.
Nc3 Rd8 35. Nd5 Kf8 36. Ra1 Rc8 37. Ra6 Bd8 38. f3 exf3 39. Kf2 Ke8 40. Kxf3
Kd7 41. Ke3 Rb8 42. Kd4 Kc8 43. Nf6 Bxf6+ 44. Rxf6 Ra8 45. Rf7 h5 46. Rf8+ Kb7
47. Rxa8 Kxa8 48. Ke5 Kb7 49. c5 Kc8 50. h4 Kd8 51. c6 Ke7 52. Kd5 Ke8 53. Ke6
53... Kd8 {Hossa resigns} 1-0

[Event "ICS rated bullet match"]
[Site "204.178.125.65"]
[Date "1999.10.25"]
[Round "?"]
[White "Hossa"]
[Black "Johansson"]
[Result "1-0"]
[WhiteElo "2365"]
[BlackElo "1979"]
[PlyCount "55"]
[EventDate "1999.??.??"]

1. e4 e6 2. d3 d5 3. Nd2 Nf6 4. Ngf3 c5 5. g3 Nc6 6. Bg2 Be7 7. O-O Qc7 8. c3
b6 9. Re1 Bb7 10. c4 d4 11. e5 Nd7 12. Nb3 Ncxe5 13. Nxe5 Bxg2 14. Nxd7 Qb7 15.
Ne5 Bf6 16. Qh5 g6 17. Qe2 Bh1 18. f3 Bxe5 19. Qxe5 Qxf3 20. Qxh8+ Ke7 21. Bg5+
Kd7 22. Qxa8 Qxa8 23. Re2 Bf3 24. Rf2 Bh5 25. Rxf7+ Kd6 26. Re1 Qe8 27. Bf4+
Kc6 28. Rc7# {Johansson checkmated} 1-0

[Event "ICS rated blitz match"]
[Site "204.178.125.65"]
[Date "1999.10.25"]
[Round "?"]
[White "Hossa"]
[Black "leskovar"]
[Result "1-0"]
[WhiteElo "2437"]
[BlackElo "2280"]
[PlyCount "75"]
[EventDate "1999.??.??"]

1. e4 e5 2. Bc4 Nf6 3. d3 d5 4. exd5 Nxd5 5. Qh5 Nc6 6. Bg5 Be7 7. Bxe7 Ncxe7
8. Nf3 O-O 9. Nxe5 Be6 10. Nc3 Ng6 11. Nxd5 Bxd5 12. Nxg6 Re8+ 13. Ne5 Bxc4 14.
O-O Bd5 15. Rfe1 Qf6 16. c4 Be6 17. d4 c6 18. Rad1 Rad8 19. Re3 Bf5 20. b4 g6
21. Qe2 Qd6 22. a3 Re6 23. g4 f6 24. f4 fxe5 25. fxe5 Qf8 26. d5 cxd5 27. cxd5
Ree8 28. gxf5 Qxf5 29. a4 Qf4 30. Re4 Qg5+ 31. Kh1 Rf8 32. d6 Rf4 33. Qc4+ Kg7
34. Rxf4 Qh5 35. Rf7+ Kh6 36. Qc1+ Qg5 37. Rxh7+ Kxh7 38. Qxg5 {
leskovar resigns} 1-0

[Event "ICS rated bullet match"]
[Site "204.178.125.65"]
[Date "1999.10.25"]
[Round "?"]
[White "Hossa"]
[Black "Herby"]
[Result "1-0"]
[WhiteElo "2368"]
[BlackElo "1800"]
[PlyCount "59"]
[EventDate "1999.??.??"]

1. e4 c6 2. d4 d5 3. exd5 cxd5 4. Bd3 Nf6 5. Ne2 g6 6. O-O Bg7 7. Bg5 O-O 8.
Qc1 Nbd7 9. Bh6 a6 10. Bxg7 Kxg7 11. Qg5 h6 12. Qe3 Re8 13. Nbc3 b5 14. Nf4 Bb7
15. Qf3 e6 16. Rae1 b4 17. Nce2 a5 18. Qg3 Kh7 19. Nxg6 fxg6 20. Qxg6+ Kh8 21.
Qxh6+ Kg8 22. Qg5+ Kf8 23. Nf4 Qe7 24. Ng6+ Kf7 25. Nxe7 Kxe7 26. Bb5 Kd6 27.
Qg3+ Ke7 28. Qh4 Rg8 29. Bxd7 Rg6 30. Bxe6 {Herby resigns} 1-0